000 00471nam a2200181Ia 4500
005 20250326124428.0
008 250326s9999 xx 000 0 und d
037 _aTextbook
040 _aFMSL
_beng
_cFMSL
041 _aeng
_2eng
084 _aX:8 J5
_qFMSL
100 _aBursk E C
_9737380
245 0 _aManagement team
_cBursk E C
260 _aUSA
_bUSA, Harvard University
_c1955
300 _a220p
942 _cTB
_hX:8 J5
999 _c1273666
_d1273666